Quick Pick: Prime Years (1900s) Quiz Stats

 Plays Quiz not verified by Sporcle

Score 0/13 Timer 01:30
0 Plays Today
% Correct
1933
83%
1987
71.6%
1979
69.6%
1901
64.9%
1993
63.9%
1951
62.4%
1949
61.3%
1973
61.3%
1999
60.3%
1931
57.2%
1997
50%
1907
45.4%
1913
34%

You're not logged in!

Compare scores with friends on all Sporcle quizzes.
OR
Log In

Show Comments

Extras

Top Quizzes Today


Score Distribution

Your Account Isn't Verified!

In order to create a playlist on Sporcle, you need to verify the email address you used during registration. Go to your Sporcle Settings to finish the process.

Report this User

Report this user for behavior that violates our Community Guidelines.

Details: